|
|
|
|
| LEADER |
00000nab a2200000 a 4500 |
| 001 |
vtls010130999 |
| 003 |
SK-MaSNL |
| 005 |
20260304155807.0 |
| 008 |
250507c2010 xo ||||||||||||00 b|slo |
| 015 |
|
|
|a SNBRB2010/09
|2 snkbucl
|
| 035 |
|
|
|a (uuid)53f40948-7ea5-4cef-af1f-fdb42b309b0a
|
| 035 |
|
|
|a urn:nbn:sk:snk-ab16v6
|
| 035 |
|
|
|a (urnnbn)urn:nbn:sk:snk:ar-a052x2
|
| 038 |
|
|
|a SNKBUCL
|
| 040 |
|
|
|a SNKBUCL
|b slo
|c SNKBUCL
|e AACR2
|
| 041 |
0 |
|
|a eng
|
| 044 |
|
|
|a xo
|c SK
|
| 080 |
|
|
|a 512.554
|x (048)
|2 2001
|
| 080 |
|
|
|a 004.8:510.5
|x (048)
|2 2001
|
| 100 |
1 |
|
|a Duchoň, Miloslav,
|d 1932-
|4 rev
|9 115710
|
| 245 |
1 |
0 |
|a Evolution algebras and their applications, by Tian, Jianjun Paul
|c Miloslav Duchoň
|
| 504 |
|
|
|a Bibliogr. odkazy
|
| 650 |
0 |
7 |
|a evolučné algebry
|2 snkbucl
|9 1481820
|
| 650 |
0 |
7 |
|a monografie
|2 SNKPH
|9 256509
|
| 655 |
|
7 |
|a recenzie
|2 SNKPH
|9 21907
|
| 773 |
0 |
|
|t Obzory matematiky, fyziky a informatiky
|g Roč. 39, č. 2 (2010), s. 69-71
|x 1335-4981
|
| 787 |
0 |
8 |
|i Rec.:
|a Tian, Jianjun Paul
|t Evolution algebras and their applications
|d Berlin : Springer-Verlag, 2008
|z 9783540742838/PBK0
|
| 850 |
|
|
|a Slovenská národná knižnica
|
| 852 |
|
|
|a Slovenská národná knižnica
|
| 958 |
|
|
|a article27
|
| 958 |
|
|
|a NB
|
| 958 |
|
|
|a RC
|
| 958 |
|
|
|a OND
|
| 958 |
|
|
|a EUIPO
|
| 999 |
|
|
|c 2964313
|d 2966243
|